El idioma gallego: historia y actualidad (II)

Bibliographic Details
Main Author: Savova, Slavka Simeonovna (Author)
Format: Article
Language:Slovak
Spanish
ISSN:1335-3624
Subjects:

MARC

LEADER 00000nab a2200000 a 4500
001 vtls000823835
003 SK-MaSNL
005 20260304112800.0
008 250429c1999 xo 0 slo
015 |a SNBRB2003/02-03357 
035 |a CLN000175490 
035 |a urn:nbn:sk:snk-ab7835 
035 |a (uuid)93f0f685-ddeb-43db-91c0-8bea37ed06cb 
035 |a (urnnbn)urn:nbn:sk:snk:ar-a075wp 
035 |a (sysno)vtls000823835 
040 |a SNKBUCL  |b slo  |c SNKBUCL  |e AACR2 
041 0 |a spa  |b slo 
044 |a xo  |c SK 
080 |a 806.99  |x (091)  |2 1981 
080 |a 800.732  |x (461)  |2 1981 
080 |a 342.725  |x (461)  |2 1981 
100 1 |a Savova, Slavka Simeonovna  |4 aut  |9 1415119 
245 1 0 |a El idioma gallego: historia y actualidad  |n (II)  |c Slavka Simeonovna Savova 
504 |a Bibliogr. odkazy 
650 0 7 |a galícijčina  |2 snkbucl  |9 24555 
650 0 7 |a bilingvizmus  |z Galícia (Španielsko)  |2 snkbucl  |9 1415120 
650 0 7 |a diglosia  |z Galícia (Španielsko)  |2 snkbucl  |9 1415121 
651 7 |a Galícia (Španielsko)  |2 SNKPHgeo  |9 85366 
773 0 |t Filologická revue  |g Roč. 2, č. 2 (1999), s. 39-48  |x 1335-3624 
850 |a Slovenská národná knižnica 
852 |a Slovenská národná knižnica 
954 |a odborná, vedecká literatúra cudzojazyčná (svetová)  |2 lita 
958 |a article27 
958 |a ES 
958 |a NB 
958 |a OND 
958 |a EUIPO 
999 |c 2867038  |d 2868968